| 000 | 01366nam a2200409 i 4500 | ||
|---|---|---|---|
| 001 | 30842 | ||
| 003 | KOSZ 005 | ||
| 005 | 20240405063052.0 | ||
| 008 | 980713s1996 pl f |000 0 pol d | ||
| 015 | _aPB 1997/9323 | ||
| 020 | _a8386543515 | ||
| 040 |
_aWA N _cWA N _dKOSZ 005/HR |
||
| 041 | 0 |
_apol _beng |
|
| 046 | _k1996 | ||
| 080 | _a657.01 | ||
| 080 | _a657(71)"19" | ||
| 080 | _a657(436)"19" | ||
| 100 | 1 |
_aSzychta, Anna _eAutor |
|
| 245 | 1 | 0 |
_aTeoria rachunkowości Richarda Mattessicha w świetle podstawowych kierunków rozwoju nauki rachunkowości : _bstudium metodologiczne / _cAnna Szychta ; Fundacja Rozwoju Rachunkowości w Polsce. |
| 260 |
_aWarszawa : _bFRR, _c1996. |
||
| 300 |
_a[2], 256 s. ; _c24 cm. |
||
| 336 |
_2rdacontent _aTekst _btxt |
||
| 337 |
_2rdamedia _aBez urządzenia pośredniczącego _bn |
||
| 338 |
_2rdacarrier _aWolumin _bnc |
||
| 380 | _aKsiążki | ||
| 388 | _a1901-2000 | ||
| 388 | _a1989-2000 | ||
| 504 | _aBibliogr. s. 230-242.- Spis treści także ang. | ||
| 600 | 1 | 4 | _aMattessich, Richard |
| 648 | 7 | _a1901-2000 | |
| 650 | 4 | _aRachunkowość | |
| 651 | 7 | _aAustria | |
| 651 | 7 | _aKanada | |
| 658 | _aGospodarka, ekonomia, finanse | ||
| 856 |
_uhttp://koha.tu.koszalin.pl/cgi-bin/koha/opac-detail.pl?biblionumber=30842 _yKatalog online BPK |
||
| 942 |
_2UKD _cKS |
||
| 999 |
_c30842 _d30842 |
||